000 00287nam a2200121 i 4500
001 bg
245 5 0 _aVIII Konferencja krajowa.
_nT. 2,
_pMechanika płynów.
260 _aBiałystok,
_c1988.
040 _cBPK
041 _apol
942 _cKS
008 s pl f |000 0 pol
999 _c28702
_d28702
856 _uhttp://koha.tu.koszalin.pl/cgi-bin/koha/opac-detail.pl?biblionumber=28702
_yKatalog online BPK